RÜZGAR BENİM ARKADAŞIM (Record no. 815883)
[ view plain ]
| 000 -LEADER | |
|---|---|
| sabit uzunluktaki kontrol alanı | 00259nam a2200097Ia 4500 |
| 001 - KONTROL NUMARASI | |
| kontrol alanı | 815883 |
| 005 - EN SON İŞLEMİN TARİH VE ZAMANI | |
| kontrol alanı | 20250826171705.0 |
| 008 - SABİT-UZUNLUKTA VERİ ÖĞELERİ--GENEL BİLGİ | |
| sabit uzunluktaki kontrol alanı | 250824s9999 xx 000 0 und d |
| 245 #0 - ESER / YAZAR | |
| ESER ADI | RÜZGAR BENİM ARKADAŞIM |
| Yazar Adı | AYDOĞAN YAVAŞLI |
| 260 ## - YAYIN, DAĞITIM, VB. | |
| YAYIN EVİ | KIRMIZI KEDİ YAYINLARI |
| Düşüm durumu | Kayıp durumu | Hasar Durumu | Ödünç verilmez | Ana kütüphane | Geçerli Kütüphane | Edinilen tarih | Toplam ödünç verme sayısı | Barkod | İade tarihi | Son görüntüleme tarihi | Son ödünç verme tarihi | Fiyatın geçerli olmaya başladığı tarih | Koha materyal türü |
|---|---|---|---|---|---|---|---|---|---|---|---|---|---|
| AHMET KARACİĞAN ORTAOKULU | AHMET KARACİĞAN ORTAOKULU | 24.08.2025 | 1 | 1040482 | 14.05.2026 | 29.04.2026 | 29.04.2026 | 26.08.2025 | Books |